Αλήθεια [εφημερίδα] | παγκύπριος φιλελευθέρα εφημερίς | υπεύθυνος - ιδιοκτήτης Αντώνης Φαρμακίδης (Record no. 10737)
[ view plain ]
| 000 -ΕΤΙΚΕΤΑ ΕΓΓΡΑΦΗΣ (LEADER) | |
|---|---|
| Σταθερού μήκους πεδίο ελέγχου | 00909nas a2200241 4500 |
| 003 - PERSISTENT ΑΝΑΓΝΩΡΙΣΤΙΚΟ ΕΓΓΡΑΦΗΣ | |
| Πεδίο ελέγχου | GR-kaGGEEl |
| 005 - ΤΑΥΤΟΤΗΤΑ ΕΚΔΟΧΗΣ | |
| Πεδίο ελέγχου | 20220622205709.0 |
| 035 ## - ΑΡΙΘΜΟΙ ΕΛΕΓΧΟΥ ΑΛΛΩΝ ΣΥΣΤΗΜΑΤΩΝ | |
| Αριθμός ελέγχου συστήματος | 10347 |
| 100 ## - ΓΕΝΙΚΑ ΔΕΔΟΜΕΝΑ ΕΠΕΞΕΡΓΑΣΙΑΣ | |
| Γενικά δεδομένα επεξεργασίας | 20110414c k y0grey50 ga |
| 101 0# - ΓΛΩΣΣΑ ΤΟΥ ΠΟΡΟΥ | |
| Γλώσσα κειμένου, soundtrack, κλπ. | Ελληνική γλώσσα (1453-) |
| 102 ## - ΧΩΡΑ ΔΗΜΟΣΙΕΥΣΗΣ Ή ΠΑΡΑΓΩΓΗΣ | |
| Χώρα δημοσίευσης | Κύπρος |
| 106 ## - ΠΕΔΙΟ ΚΩΔΙΚΟΠΟΙΗΜΕΝΩΝ ΔΕΔΟΜΕΝΩΝ: ΥΛΙΚΟ ΜΕ ΚΕΙΜΕΝΟ - ΜΟΡΦΗ | |
| Textual Material Coded Data Physical Medium Designator | e |
| 110 ## - ΠΕΔΙΟ ΚΩΔΙΚΟΠΟΙΗΜΕΝΩΝ ΔΕΔΟΜΕΝΩΝ: ΠΕΡΙΟΔΙΚΑ ΔΗΜΟΣΙΕΥΜΑΤΑ | |
| Κωδικοποιημένα δεδομένα περιοδικού δημοσιεύματος | c||| 0yy0 |
| 200 1# - ΤΙΤΛΟΣ ΚΑΙ ΔΗΛΩΣΗ ΠΝΕΥΜΑΤΙΚΗΣ ΥΠΕΥΘΥΝΟΤΗΤΑΣ | |
| Κύριος Τίτλος | Αλήθεια [εφημερίδα] |
| Υπότιτλος | παγκύπριος φιλελευθέρα εφημερίς |
| Πρώτη Δήλωση Πνευματικής Υπευθυνότητας | υπεύθυνος - ιδιοκτήτης Αντώνης Φαρμακίδης |
| 310 ## - ΣΗΜΕΙΩΣΕΙΣ ΣΧΕΤΙΚΕΣ ΜΕ ΤΗ ΒΙΒΛΙΟΓΡΑΦΙΑ ΚΑΙ ΤΗ ΔΙΑΘΕΣΙΜΟΤΗΤΑ | |
| Κείμενο της σημείωσης | Η βιβλιοθήκη διαθέτει τα εξής: αρ.φυλ. 1053 (17 Ιουν.1973), αρ.φυλ.1040 -1042 (11-25 Μαρτ.1974), αρ.φυλ.1051-1052 (3 -10 Ιουν.1974). |
| 606 1# - ΘΕΜΑΤΙΚΟ ΣΗΜΕΙΟ ΠΡΟΣΒΑΣΗΣ - ΘΕΜΑΤΙΚΟ ΟΝΟΜΑ | |
| Στοιχείο αναγραφής | Τύπος, Κυπριακός |
| Εσωτερικός κωδικός Koha | 23970 |
| 607 ## - ΘΕΜΑΤΙΚΟ ΣΗΜΕΙΟ ΠΡΟΣΒΑΣΗΣ - ΓΕΩΓΡΑΦΙΚΟ ΟΝΟΜΑ | |
| Στοιχείο αναγραφής | Κύπρος |
| Θεματική υποδιαίρεση | Εφημερίδες |
| Εσωτερικός κωδικός Koha | 16682 |
| 676 ## - ΔΕΚΑΔΙΚΗ ΤΑΞΙΝΟΜΗΣΗ DEWEY (DDC) | |
| Αριθμός | 079.5645 |
| 942 ## - ADDED ENTRY ELEMENTS (KOHA) | |
| Τύπος αντιτύπου Koha | Continuing Resources |
No items available.